| 000 | 00770nam a22001937a 4500 | ||
|---|---|---|---|
| 999 |
_c18923 _d18923 |
||
| 003 | AR-CdUCM | ||
| 008 | 190322b ||||| |||| 00| 0 spa d | ||
| 040 |
_aMUNICIPALIDAD PROVINCIAL DEL CUSCO _cBIBLIOTECA MUNICIPAL DEL CUSCO |
||
| 082 |
_a379 / _bP77 |
||
| 100 |
_aPonce, Aníbal _92441 |
||
| 245 | _aEducación y luchas de clases / | ||
| 260 |
_aBuenos Aires : _bEl ateneo, _c1941. |
||
| 300 |
_a314 páginas ; _c21 cm. |
||
| 505 | _aContenido : La educación en la comunidad primitiva -- La educación del hombre antigüo. Primera parte: Esparta y Atenas -- La educación del hombre antigüo. Segunda parte: Roma -- La educación del hombre feudal ... | ||
| 650 |
_aEducación _9460 |
||
| 650 |
_aHistoria _9136 |
||
| 942 |
_2ddc _cLIBROS |
||
| 945 |
_arah _d2019/05/15 |
||